ბათუმის შოთა რუსთაველის სახელმწიფო უნივერსიტეტის ბიბლიოთეკა

მეოცე საუკუნის ქართული ლიტერატურის ისტორიის ნარკვევები.წ.5 (ბიბ.ჩანაწერი № 43150)

000 -LEADER
fixed length control field 00980nam a2200229Ia 4500
001 - CONTROL NUMBER
control field 9871
003 - CONTROL NUMBER IDENTIFIER
control field GE_BSU
008 - FIXED-LENGTH DATA ELEMENTS--GENERAL INFORMATION
fixed length control field 181216s||||||||xx |||||||||||||| ||und||
020 ## - INTERNATIONAL STANDARD BOOK NUMBER
International Standard Book Number 9992879785
040 ## - CATALOGING SOURCE
Transcribing agency GE_BSU
080 ## - UNIVERSAL DECIMAL CLASSIFICATION NUMBER
Universal Decimal Classification number 821.353.1.09
100 ## - MAIN ENTRY--PERSONAL NAME
Personal name ნიკოლეიშვილი,ავთანდილ
245 ## - TITLE STATEMENT
Title მეოცე საუკუნის ქართული ლიტერატურის ისტორიის ნარკვევები.წ.5
245 ## - TITLE STATEMENT
Statement of responsibility, etc. რედ. ელგუჯა ხინთიბიძე
260 ## - PUBLICATION, DISTRIBUTION, ETC.
Place of publication, distribution, etc. ქუთაისი
260 ## - PUBLICATION, DISTRIBUTION, ETC.
Name of publisher, distributor, etc. ქუთაისის უნ–ტის გამ–ბა
260 ## - PUBLICATION, DISTRIBUTION, ETC.
Date of publication, distribution, etc. 2005
300 ## - PHYSICAL DESCRIPTION
Extent 394გვ.20სმ.
520 ## - SUMMARY, ETC.
Summary, etc. რეზიუმე ინგლ. ენაზე
653 ## - INDEX TERM--UNCONTROLLED
Uncontrolled term მეოცე საუკუნის ქართული ლიტერატურის ისტორიის ნარკვევები
942 ## - ADDED ENTRY ELEMENTS (KOHA)
Koha item type წიგნი
ეგზემპლარები
Withdrawn status Lost status Damaged status Not for loan Date acquired Barcode Date last seen Price effective from Koha item type Public note
        2018-12-17 33230 2018-12-17 2018-12-17 წიგნი 10ლ.
        2018-12-17 33231 2018-12-17 2018-12-17 წიგნი 15ლ.
        2018-12-17 33232 2018-12-17 2018-12-17 წიგნი 15ლ.
        2018-12-17 33233 2018-12-17 2018-12-17 წიგნი 15ლ.
        2018-12-17 33234 2018-12-17 2018-12-17 წიგნი 15ლ.
        2018-12-17 33235 2018-12-17 2018-12-17 წიგნი 15ლ.
        2018-12-17 33236 2018-12-17 2018-12-17 წიგნი 10ლ.
        2018-12-17 33237 2018-12-17 2018-12-17 წიგნი 12ლ.